|
|
|
|
| LEADER |
01001nam a22002894a 4500 |
| 001 |
7057 |
| 003 |
BD-DhAAL |
| 005 |
20150216090656.0 |
| 008 |
150216s2002 njua 000 0 eng |
| 010 |
|
|
|a 2002010798
|
| 020 |
|
|
|a 0471233277 (acidfree)
|
| 040 |
|
|
|a DLC
|c DLC
|d DLC
|d BD-DhAAL
|
| 050 |
0 |
0 |
|a HB615
|b .M46 2002
|
| 082 |
0 |
0 |
|a 302.3
|2 21
|
| 100 |
1 |
|
|a Menschel, Robert.
|9 8468
|
| 245 |
1 |
0 |
|a Markets, mobs & mayhem :
|b a modern look at the madness of crowds /
|c Robert Menschel.
|
| 246 |
3 |
|
|a Markets, mobs, and mayhem
|
| 260 |
|
|
|a Hoboken, N.J. :
|b Wiley,
|c c2002.
|
| 300 |
|
|
|a xxvii, 226 p. :
|b ill. ;
|c 24 cm.
|
| 541 |
|
|
|e 7057
|
| 650 |
|
0 |
|a Risk.
|9 8469
|
| 650 |
|
0 |
|a Risk
|x Sociological aspects.
|9 8470
|
| 650 |
|
0 |
|a Collective behavior.
|9 8471
|
| 650 |
|
0 |
|a Financial crises.
|9 8472
|
| 942 |
|
|
|2 ddc
|c BK
|
| 999 |
|
|
|c 33709
|d 33709
|
| 952 |
|
|
|0 0
|1 0
|2 ddc
|4 0
|6 302_300000000000000_MEN
|7 0
|9 52649
|a SCL
|b SCL
|c GEN
|d 2015-02-16
|e Gift: The Asia Foundation
|l 0
|o 302.3 MEN
|p 3020007057
|r 2015-02-16
|t 1
|w 2015-02-16
|y BK
|